Роль страховых институтов в развитии финансового рынка; РИСК: Ресурсы, Информация, Снабжение, Конкуренция; № 4

Bibliografiske detaljer
Parent link:РИСК: Ресурсы, Информация, Снабжение, Конкуренция.— , 1991-
№ 4.— 2015.— [С. 316-319]
Hovedforfatter: Калашникова Т. В. Татьяна Владимировна
Institution som forfatter: Национальный исследовательский Томский политехнический университет Институт социально-гуманитарных технологий Кафедра инженерного предпринимательства
Andre forfattere: Казаков В. В. Владимир Владимирович
Summary:Заглавие с экрана
В статье рассматривается взаимосвязь финансового и страхового рынков, выявлены проблемы их развития. Определены основные направления совершенствования страхового рынка и роль страховых институтов в развитии финансового рынка.
The article review the correlation of the financial and insurance markets, the problems of their development is showed. The main directions of improvement of the insurance market and the role of insurance institutions in the development of the financial market is showed.
Режим доступа: по договору с организацией-держателем ресурса
Sprog:russisk
Udgivet: 2015
Fag:
Online adgang:http://elibrary.ru/item.asp?id=25280787
Format: MixedMaterials Electronisk Book Chapter
KOHA link:https://koha.lib.tpu.ru/cgi-bin/koha/opac-detail.pl?biblionumber=647277

MARC

LEADER 00000naa0a2200000 4500
001 647277
005 20250206134356.0
035 |a (RuTPU)RU\TPU\network\12415 
090 |a 647277 
100 |a 20160331d2015 k||y0rusy50 ca 
101 0 |a rus 
102 |a RU 
135 |a drnn ---uucaa 
181 0 |a i  
182 0 |a b 
200 1 |a Роль страховых институтов в развитии финансового рынка  |d The role of insurance institutions in the development of the market  |f Т. В. Калашникова, В. В. Казаков 
203 |a Текст  |c электронный 
300 |a Заглавие с экрана 
320 |a [Библиогр.: с. 319 (7 назв.)] 
330 |a В статье рассматривается взаимосвязь финансового и страхового рынков, выявлены проблемы их развития. Определены основные направления совершенствования страхового рынка и роль страховых институтов в развитии финансового рынка. 
330 |a The article review the correlation of the financial and insurance markets, the problems of their development is showed. The main directions of improvement of the insurance market and the role of insurance institutions in the development of the financial market is showed. 
333 |a Режим доступа: по договору с организацией-держателем ресурса 
461 |t РИСК: Ресурсы, Информация, Снабжение, Конкуренция  |d 1991- 
463 |t № 4  |v [С. 316-319]  |d 2015 
510 1 |a The role of insurance institutions in the development of the market  |z eng 
610 1 |a электронный ресурс 
610 1 |a труды учёных ТПУ 
610 1 |a финансовый рынок 
610 1 |a страховой рынок 
610 1 |a страховые компании 
610 1 |a стратегия развития 
700 1 |a Калашникова  |b Т. В.  |c специалист в области менеджмента  |c доцент Томского политехнического университета, кандидат технических наук  |f 1970-  |g Татьяна Владимировна  |3 (RuTPU)RU\TPU\pers\27132  |9 12672 
701 1 |a Казаков  |b В. В.  |g Владимир Владимирович 
712 0 2 |a Национальный исследовательский Томский политехнический университет  |b Институт социально-гуманитарных технологий  |b Кафедра инженерного предпринимательства  |3 (RuTPU)RU\TPU\col\18857  |9 27227 
801 2 |a RU  |b 63413507  |c 20160331  |g RCR 
856 4 |u http://elibrary.ru/item.asp?id=25280787 
942 |c CF